000
00283nam a22001337a 4500
008
181030b xxu||||| |||| 00| 0 eng d
020
_a
9780963962904
041
_a
eng
080
_a
610
100
_a
4
101
_a
SHM
245
_a
Healthy at 100
_c
Willix,R.D
942
_2
udc
_c
BK
999
_c
51085
_d
51085